00343nam a22001097a 4500020000800000040001600008082001600024100002800040245005500068260004500123300006500168 qPB. cFIZZA ISHAQ a551.49bSCH aSchwartz , Franklin W.  aFundamentals Ground Water /cFranklin W. Schwartz. aNew York:b‎ John Wiley & Sons,c2003. a vii, 583 p. : ill., maps ; 26 cmc ‎ 8 x 1.34 x 10 inches